000 00371nam a2200145Ia 4500
008 150201s2008 xx 000 0 und d
082 _a618.1
_bS08P
100 _aPADUBIDRI, V.G.
245 _aHOWKING,S AND BOURNE SHAW,S TB. OB GYNAECOLOGY
250 _a14TH
260 _bELSEVIER
_aDELHI
_c2008
300 _a1-483
650 _aOBST & GYNAECOLOGY
942 _2ddc
_cBK
_013
999 _c334
_d334